000 00307nam a2200109Ia 4500
008 200302s9999 xx 000 0 und d
100 _aHarald Deilmann & Other
245 _aWohnberiche Wohnquartiere Housing Group Zones D' Habitat
260 _bKarl Kramer Verlag Stuttgart
260 _c1977
300 _a143 P.,
999 _c166
_d166